000 01132nam a22002057a 4500
999 _c61257
_d61257
003 Ge_BSU
005 20240115115301.0
008 240115s2021 ge ||||| |||| 00| 0 geo d
020 _a9789941839788
041 _ageo
080 _a34 : 339.543 ხ-25
100 _aხარაზი, ია
_921042
245 _aსაბაჟო სამართალი :
_b[დამხმარე სახელმძღვანელო]. ნაწილი 1 /
_cია ხარაზი; სამეცნიერო რედაქტორი გიორგი გოგიაშვილი.
264 _aთბილისი :
_bგეორგიკა,
_c2021.
300 _a920 გვ. ;
_b21 სმ.
504 _aბიბლიოგრაფია თავების ბოლოს და ტექსტის შენიშვნებში
653 _aსაქართველოს საბაჟო სამართალი
700 _aგოგიაშვილი, გიორგი
_eსამეცნიერო რედაქტორი
_97880
942 _2udc
_cᲬᲘᲒᲜᲘ